000
002640000a22000970004500
100
1
_a
Conkey, Calvin
245
1
0
_a
Doing theology among the Zuni
300
_a
Vol. 4, Núm 4 (1987), Páginas 39-51
773
0
_t
International Journal of Frontier Misions
942
_c
ANA
999
_c
55051
_d
55051